Groupes sporadiques - Statistiques

Statistiques générales
  • Ce quiz a été pris 6 fois
  • Le résultat moyen est 5 sur 26
Statistiques - réponses
Ordre Groupe % Correct
808 017 424 794 512 875 886 459 904 961 710 757 005 754 368 000 000 000 Monstre (Fischer-Griess)
100%
4 154 781 481 226 426 191 177 580 544 000 000 Bébé Monstre
50%
4 157 776 806 543 360 000 Conway (1)
17%
42 305 421 312 000 Conway (2)
17%
495 766 656 000 Conway (3)
17%
64 561 751 654 400 Fischer (22)
17%
4 089 470 473 293 004 800 Fischer (23)
17%
1 255 205 709 190 661 721 292 800 Fischer (24)
17%
273 030 912 000 000 Harada-Norton
17%
4 030 387 200 Held
17%
44 352 000 Higman-Sims
17%
175 560 Janko (1)
17%
604 800 Janko (2) (ou Hall-Janko)
17%
50 232 960 Janko (3) (ou Higman-Janko-McKay)
17%
86 775 571 046 077 562 880 Janko (4)
17%
51 765 179 004 000 000 Lyons
17%
7 920 Mathieu (11)
17%
95 040 Mathieu (12)
17%
443 520 Mathieu (22)
17%
10 200 960 Mathieu (23)
17%
244 823 040 Mathieu (24)
17%
898 128 000 McLaughlin
17%
460 815 505 920 O'Nan
17%
448 345 497 600 Suzuki
17%
145 926 144 000 Rudvalis
0%
90 745 943 887 872 000 Thompson
0%
Aucun quiz correspondant
Distribution des résultats
% des personnes avec chaque résultat
Percentile par nombre de réponses
Votre historique - résultats
Vous n’avez pas pris ce quiz